00759nam a22002291 4500001001300000003000400013005001700017008004100034010001700075025001900092043001200111050001900123110003100142245010400173260004800277300001800325350001100343650005200354650004400406650006200450999001700512sa 68006046 DLC20260227112513.0710915s1962 ii 00000 eng  asa 68006046  aPL480:I-E-8563 aa-ii---0 aHJ4387.N3bA5710aNarsinghpur, India (State)10aReport on the completion of the settlement of land revenue of the Narsingpur Fuedatory [sic] State.0 aBerhampur,bPrinted at Sarada Pressc[1962] a21 p.c33 cm. aRs1.03 0aLand value taxationzNarsinghpur, India (State) 0aLand tenurezNarsinghpur, India (State) 0aAgriculturexEconomic aspectszIndiazNarsinghpur (State) c81097d81097